Music Quiz

Random Music Quiz

Metallica Riff Challenge Quiz Stats

Quiz not verified by Sporcle

Also try: Simile Songs
Challenge
Share
Tweet
Score 0/25 Timer 08:00
0 Plays Today
Time Interval Song % Correct
0:10-0:20Enter Sandman
95.7%
0:50-1:00Master Of Puppets
91.4%
2:00-2:10One
83.9%
0:00-0:10Fade To Black
76.3%
0:20-0:30Seek And Destroy
72%
1:00-1:10Sad But True
67.7%
2:30-2:40For Whom The Bell Tolls
67.7%
3:00-3:10Battery
67.7%
1:20-1:30The Day That Never Comes
59.1%
3:40-3:50Creeping Death
59.1%
2:20-2:30Ride The Lightning
57%
0:30-0:40Trapped Under Ice
54.8%
1:30-1:40Whiskey In The Jar
52.7%
Time Interval Song % Correct
2:40-2:50Wherever I May Roam
50.5%
1:10-1:20All Nightmare Long
48.4%
2:50-3:00...And Justice For All
47.3%
1:50-2:00Until It Sleeps
44.1%
3:30-3:30The Call of Ktulu
44.1%
4:00-4:10The Thing That Should Not Be
40.9%
2:10-2:20The Unforgiven II
39.8%
3:50-4:00Harvester of Sorrow
29%
3:10-3:20Welcome Home (Sanitarium)
26.9%
3:20-3:30Suicide and Redemption
26.9%
0:40-0:50The Unfogiven
12.9%
1:40-1:50(Anesthesia) Pulling Teeth
10.8%

You're not logged in!

Compare scores with friends on all Sporcle quizzes.
Sign Up with Email
OR
Log In

You Might Also Like...

Show Comments

Extras

Top Quizzes Today


Score Distribution

Your Account Isn't Verified!

In order to create a playlist on Sporcle, you need to verify the email address you used during registration. Go to your Sporcle Settings to finish the process.